La sociedad multiétnica: pluralismo, multiculturalismo y extranjeros

Saved in:
Bibliografiske detaljer
Hovedforfatter: Sartori, Giovanni (Author)
Format: Bog
Sprog:spansk
Udgivet: Madrid Santillana 2001
Madrid Taurus 2001
Serier:Pensamiento
Fag:
Tags: Tilføj Tag
Ingen Tags, Vær først til at tagge denne postø!

MARC

LEADER 00000nam a2200000 a 4500
001 UCN4411
003 CL-VaPUC
008 010803e20010000sp |||||||||||||||||spa|d
082 0 4 |a 305.8  |b SAR  |2 21 
100 0 |a Sartori, Giovanni  |e author  |9 460787 
245 1 3 |a La sociedad multiétnica: pluralismo, multiculturalismo y extranjeros 
300 |a 139 p 
942 |c BK 
945 |d 20010803 00:00:00  |a cmena 
260 |a Madrid  |b Santillana  |c 2001 
260 |a Madrid  |b Taurus  |c 2001 
650 7 |a RELACIONES ETNICAS  |2 CL-VaPUC  |9 435521 
650 7 |a PLURALISMO  |2 CL-VaPUC  |9 328303 
650 0 |a Democracia  |9 255256 
650 0 |a Grupos sociales  |9 268887 
650 7 |a CIUDADANOS  |2 CL-VaPUC  |9 460788 
650 0 |a Inmigración  |9 268290 
650 0 |a Integración social  |9 319662 
583 |a last modification  |c 20171212 06:17:09  |k Rodrigo Vera 
490 0 |a Pensamiento 
999 |c 296656  |d 296654